000 00591nam a2200193Ii 4500
003 JO-AjNU
008 230605s9999||||xx |||||||||||||| ||und||
040 _aJO-AjNU
_bara
_erda
_cJO-AjNU
041 _aara
050 1 4 _aPJ7860.A48.A17 1900
100 3 _aتأليف رامي، أحمد,
_eauthor
_937021
245 0 0 _aديوان رامي 1917-1947
264 3 1 _aد.ن
300 _a191ص
336 _atext
_btxt
_2rdacontent
337 _aunmediated
_bn
_2rdamedia
338 _avolume
_bnc
_2rdacarrier
650 4 _a الشعر العربي - مصر - القرن العشرين
_937022
999 _aA15432
_c19000
_d19000